Responses for Show #6401 - Monday, June 18, 2012

David Menchaca game 3.

Contestants

[<< previous game]

Karen Griffin, a physician's assistant from Stoughton, Wisconsin

Neil Ashar, an attorney from Washington, D.C.

David Menchaca, a law student originally from Long Beach, California (whose 2-day cash winnings total $40,301)

[next game >>]

Jeopardy! Round responses

AMERICAN ISLANDS
THE HAULS OF CONGRESS
PLAYWRIGHTS
DOUBLE MEANINGS
FLUID SITUATIONS
A HARRISON FORD FIESTA
    $200 14
(Karen: What is Manhattan Island?)
(David: What is Staten Island?)

Long Island

DavidNeilKaren
    $200 26
mail fraud

David
    $200 11
Neil Simon

Karen
    $200 3
hatch

David
    $200 20
milk

Karen
    $200 1
Cowboys & Aliens

Neil
    $400 17
(Neil: What are the Marshall Islands?)

the Aleutian Islands

DavidNeil
    $400 27
his fridge (freezer, specifically)

Neil
    $400 12
The Book of Mormon

Neil
    $400 4
fleet

Neil
    $400 21
blood

David
    $400 2
the Crystal Skull

Neil
    $600 18
Parris Island

Neil
    $600 28
[The end-of-round signal sounds.]

freedom fries

Neil
    $600 13
Arthur Miller

David
    $600 8
capers

Neil
    $600 23
honey

Triple Stumper
    $600 5
flying airplanes

David
    $800 19
Santa Cruz

Karen
    $800 15
David Mamet

David
    $800 9
(Karen: ...I'm sorry.)

dabble

Karen
Triple Stumper
    $800 24
oil

David
    $800 6
Witness

David
    $1000 22
Mackinac Island

Karen
    $1000 16
George Bernard Shaw

David
    $1000 10
a cavalier

Triple Stumper
    $1000 25
(Neil: What is tea?)

coffee

Neil
Triple Stumper
    $1000 7
American Grafitti

David

Scores at the first commercial break (after clue 13):

David Neil Karen
$3,200 $2,000 -$600

Scores at the end of the Jeopardy! Round:

David Neil Karen
$6,600 $2,400 $1,200

Double Jeopardy! Round responses

LANGUAGES IN THEIR OWN LANGUAGE
EVERYONE'S AN ART CRITIC
2 BY 4
TERMS OF ENDANGERMENT
A "LA" CARTE
THE WAR OF 1812 BICENTENNIAL
    $400 13
Danish

Neil
    $400 21
van Gogh

Neil
    $400 26
The Who

David
    $400 9
menace

David
    $400 1
La boheme

Neil
    $400 2
Fort McHenry

David
    $800 14
Hungarian

David
    $800 22
Picasso

David
    $800 27
[The end-of-round signal sounds.]

Queen

David
    $800 11
(Karen: What is a bunker?)

a hazard

NeilKaren
    $800 4
La Paz

David
    $800 3
frigates

Karen
    $1,500 15
Estonian

David
    $1200 23
the Mona Lisa

Karen
    $1200 12
risk

David
    $1200 5
the La Brea Tar Pits

Neil
    $1200 8
press ganging

Neil
    $1600 16
Czech

Triple Stumper
    $3,000 24
(Andy) Warhol

Karen
    $1600 19
harm

David
    $1600 6
La Salle

Karen
    $1600 10
Ghent

Neil
    $2000 17
Hebrew

Triple Stumper
    $2000 25
fauvism

David
    $2000 20
jeopardy

Neil
    $2000 7
La Mancha

Neil
    $2000 18
Guerriere

Neil

Scores at the end of the Double Jeopardy! Round:

David Neil Karen
$17,300 $14,400 $7,000

[wagering suggestions for these scores]

Final Jeopardy! Round responses

FICTIONAL PAIRS
KarenWho are Marley & Scrooge
$1,000
NeilWho are Sherlock Holmes and Dr. Watson
$14,400
DavidWho are Holmes & Watson?
$11,501
Sherlock Holmes & Dr. Watson

Final scores:

David Neil Karen
$28,801 $28,800 $6,000
3-day champion: $69,102 2nd place: $2,000 3rd place: $1,000

Game dynamics:

Coryat scores:

David Neil Karen
$17,000 $14,400 $5,600
22 R
(including 2 DDs),
1 W
19 R,
2 W
8 R
(including 1 DD),
3 W

Combined Coryat: $37,000

[game clues] [game scores] [suggest correction]

Game tape date: 2012-02-14
The J! Archive is created by fans, for fans. Scraping, republication, monetization, and malicious use prohibited; this site may use cookies and collect identifying information. See terms. The Jeopardy! game show and all elements thereof, including but not limited to copyright and trademark thereto, are the property of Jeopardy Productions, Inc. and are protected under law. This website is not affiliated with, sponsored by, or operated by Jeopardy Productions, Inc. Join the discussion at JBoard.tv.